000 00417nam a2200157 4500
005 20260220130721.0
008 260220b |||||||| |||| 00| 0 eng d
041 _aMarathi
082 _aX 891 NAR
_bB12224
100 _aनरवणे र. ज.
_9216760
245 _aनवी पहाट
260 _aPune
_bBharatiya Vichar Sadhana
_c2019
300 _a248p
_bpb
365 _aRupaye
_b390
_cINR
942 _cBK
999 _c370474
_d370474